|
|
|
|
| LEADER |
01236nam a2200277 a 4500 |
| 008 |
101031s2006 nyua b 001 0 eng d |
| 020 |
|
|
|a 0072844485 (alk. paper)
|
| 020 |
|
|
|a 0070600899
|
| 040 |
|
|
|a DLC
|c DLC
|d DLC
|d BD-DhAAL
|
| 082 |
0 |
0 |
|a 658.4/012
|2 22
|
| 100 |
1 |
|
|a Thompson, Arthur A.,
|d 1940-
|
| 245 |
1 |
0 |
|a Crafting and executing strategy :
|b text and readings /
|c Arthur A. Thompson, Jr., A.J. Strickland III, John E. Gamble.
|
| 250 |
|
|
|a 14th ed.
|
| 260 |
|
|
|a New York ;
|a New Delhi :
|b McGraw-Hill/Irwin,
|c 2006.
|
| 300 |
|
|
|a (various pagings) :
|b ill. ;
|c 24 cm.
|
| 504 |
|
|
|a Includes bibliographical references and index.
|
| 541 |
1 |
|
|e 00015503
|
| 650 |
|
0 |
|a Strategic planning.
|
| 650 |
|
0 |
|a Business planning.
|
| 700 |
1 |
|
|a Strickland, A. J.
|q (Alonzo J.)
|
| 700 |
1 |
|
|a Gamble, John
|q (John E.)
|
| 852 |
4 |
|
|a Ayesha Abed Library
|j General Shelf
|
| 942 |
0 |
0 |
|0 1
|
| 999 |
|
|
|c 7263
|d 7263
|
| 952 |
|
|
|0 0
|1 0
|2 ddc
|4 0
|6 658_401200000000000_THO_2006
|7 0
|9 7605
|a BRACUL
|b BRACUL
|c GEN
|d 2010-01-31
|l 3
|m 13
|o 658.4012 THO
|p 3010015503
|r 2022-09-08
|s 2022-08-25
|t 1
|w 2010-01-31
|y BK
|
| 952 |
|
|
|0 0
|1 0
|2 ddc
|4 0
|6 658_401200000000000_THO_2006
|7 0
|9 10329
|a BRACUL
|b BRACUL
|c GEN
|d 2010-05-19
|l 4
|m 20
|o 658.4012 THO
|p 3010015564
|r 2017-04-09
|s 2017-02-15
|t 2
|w 2010-05-19
|y BK
|